[Event "ROM-ch U14"]
[Site "Calimanesti"]
[Date "2014.04.09"]
[Round "4"]
[White "Rolea, Florin Alexandru"]
[Black "Bogdan, Adrian"]
[Result "1/2-1/2"]
[WhiteElo "1322"]
[BlackElo "1119"]
[PlyCount "40"]
[EventDate "2014.04.06"]
[EventType "swiss"]
[EventRounds "9"]
[EventCountry "ROU"]
[SourceTitle "CBM 160 Extra"]
[Source "ChessBase"]
[SourceDate "2014.07.01"]
[SourceVersion "1"]
[SourceVersionDate "2014.07.01"]
[SourceQuality "1"]

1. d4 g6 2. Nf3 Bg7 3. e3 Nf6 4. Bd3 0-0 5. 0-0 d6 6. b3 Nbd7 7. Bb2 Re8 8. c4 e5 9. dxe5 dxe5 10. Bc2 b6 11. Nc3 Bb7 12. e4 Nc5 13. Re1 Qc8 14. h3 Qe6 15. Nd5 Nxd5 16. exd5 Qd6 17. Rb1 a5 18. Re2 f6 19. a3 Nd7 20. Nd2 c6 1/2-1/2